Anuario internacional americano : (Record no. 13497)

000 -CABECERA
fixed length control field 00888nam a22002297a 4500
003 - IDENTIFICADOR DEL NÚMERO DE CONTROL
control field AR-CdUCM
008 - DATOS DE LONGITUD FIJA--INFORMACIÓN GENERAL
fixed length control field 190415b ||||| |||| 00| 0 spa d
040 ## - FUENTE DE LA CATALOGACIÓN
Agencia/entidad que catalogó originalmente la obra MUNICIPALIDAD PROVINCIAL DEL CUSCO
Entidad que transcribió la catalogación BIBLIOTECA MUNICIPAL DEL CUSCO
082 ## - NÚMERO DE LA CLASIFICACIÓN DECIMAL DEWEY
No. de Clasificación 058 /
Notacion interna B61 / 1939
100 ## - ENTRADA PRINCIPAL--NOMBRE DE PERSONA
Nombre Personal Blaya Alende, Joaquin
245 ## - MENCIÓN DE TÍTULO
Título Anuario internacional americano :
Resto del título una vision clara, valiente y serena de los problemas que afectan a nuestro continente 1938 - 1940 /
260 ## - PUBLICACIÓN, DISTRIBUCIÓN, ETC.
Lugar de publicación, distribución, etc. Santiago de Chile :
Nombre de la editorial, distribuidor, etc. Zig-Zag,
Fecha de publicación, distribución, etc. 1939.
300 ## - DESCRIPCIÓN FÍSICA
Nº de Páginas Extensión 4 Tomos ;
Otros detalles físicos Ilustraciones, mapas,
Dimensiones 35 cm.
440 ## - MENCIÓN DE SERIE/PUNTO DE ACCESO ADICIONAL--TÍTULO
Título Anuario internacional americano 1938 - 1940
9 (RLIN) 31938
505 ## - NOTA DE CONTENIDO CON FORMATO
Nota de contenido formateada Contenido : t.1 -- t.2 -- t.3 -- t.4 Anuario
650 ## - PUNTO DE ACCESO ADICIONAL DE MATERIA--TÉRMINO DE MATERIA
Descriptor Anuario americano
9 (RLIN) 31939
650 ## - PUNTO DE ACCESO ADICIONAL DE MATERIA--TÉRMINO DE MATERIA
Descriptor Norte América
9 (RLIN) 2819
650 ## - PUNTO DE ACCESO ADICIONAL DE MATERIA--TÉRMINO DE MATERIA
Descriptor Sus america
9 (RLIN) 31940
650 ## - PUNTO DE ACCESO ADICIONAL DE MATERIA--TÉRMINO DE MATERIA
Descriptor Centro America
9 (RLIN) 8960
942 ## - ELEMENTOS DE PUNTO DE ACCESO ADICIONAL (KOHA)
Fuente de clasificación
Tipo de item Revistas cusqueñas
945 ## - PROCESAMIENTO DE INFORMACIÓN LOCAL (OCLC)
Catalogador wnts
AAAA-MM-DD - Fecha de ingreso o modificacion 2019-04-15
Holdings
Estado de retiro (separado) Fuente de clasificación o esquema de estanterías Estado dañado Ubicación Sala donde se ubica Nombre de la colección Fecha de adquisición o compra Costo, precio normal en soles Signatura topográfica Código de Barras Última vez visto (Koha) Tipo de ítem (Koha)
No     Sala Cusco Antiguo Sala Cusco Antiguo Book Cart 2019-04-15 120.00 058 / B61 / t.1 / 1939 SCA0002789 2019-04-15 Revistas cusqueñas
No     Sala Cusco Antiguo Sala Cusco Antiguo Book Cart 2019-04-15 120.00 058 / B61 / t.2 / 1939 SCA0002790 2019-04-15 Revistas cusqueñas
No     Sala Cusco Antiguo Sala Cusco Antiguo Book Cart 2019-04-15 120.00 058 / B61 / t.3 / 1939 SCA0002791 2019-04-15 Revistas cusqueñas
No     Sala Cusco Antiguo Sala Cusco Antiguo Book Cart 2019-04-15 120.00 058 / B61 / t.4 / 1939 SCA0002792 2019-04-15 Revistas cusqueñas

Powered by Koha